The story of Israel : (Record no. 10416)
[ view plain ]
| 000 -LEADER | |
|---|---|
| fixed length control field | 02354cam a22003494a 4500 |
| 001 - CONTROL NUMBER | |
| control field | 55487829 |
| 003 - CONTROL NUMBER IDENTIFIER | |
| control field | OCoLC |
| 005 - DATE AND TIME OF LATEST TRANSACTION | |
| control field | 20241126110731.0 |
| 008 - FIXED-LENGTH DATA ELEMENTS--GENERAL INFORMATION | |
| fixed length control field | 040514s2004 ilu b 001 0 eng |
| 010 ## - | |
| -- | 2004011519 |
| 020 ## - INTERNATIONAL STANDARD BOOK NUMBER | |
| International Standard Book Number | 083082748X |
| 020 ## - INTERNATIONAL STANDARD BOOK NUMBER | |
| International Standard Book Number | 9780830827480 |
| 020 ## - INTERNATIONAL STANDARD BOOK NUMBER | |
| International Standard Book Number | 1844740552 |
| 020 ## - INTERNATIONAL STANDARD BOOK NUMBER | |
| International Standard Book Number | 9781844740550 |
| 035 ## - SYSTEM CONTROL NUMBER | |
| System control number | (OCoLC)55487829 |
| Canceled/invalid control number | (OCoLC)56641405 |
| 040 ## - CATALOGING SOURCE | |
| Original cataloging agency | DLC |
| Language of cataloging | eng |
| Transcribing agency | DLC |
| Modifying agency | PGC |
| -- | BAKER |
| -- | NLGGC |
| -- | UKM |
| -- | BTCTA |
| -- | YDXCP |
| -- | OCLCG |
| -- | IG# |
| -- | I8H |
| -- | OCLCQ |
| -- | OCLCO |
| -- | OCLCF |
| -- | P4I |
| -- | OCLCQ |
| -- | ATH |
| 042 ## - | |
| -- | pcc |
| 050 00 - | |
| -- | BS543 |
| -- | .S74 2004 |
| 082 ## - DEWEY DECIMAL CLASSIFICATION NUMBER | |
| Classification number | 230.041 |
| Item number | STO |
| 245 04 - TITLE STATEMENT | |
| Title | The story of Israel : |
| Remainder of title | a biblical theology / |
| Statement of responsibility, etc. | C. Marvin Pate [and others]. |
| 260 ## - PUBLICATION, DISTRIBUTION, ETC. | |
| Place of publication, distribution, etc. | Downers Grove, Ill. : |
| Name of publisher, distributor, etc. | InterVarsity Press ; |
| Place of publication, distribution, etc. | Leicester, England : |
| Name of publisher, distributor, etc. | Apollos, |
| Date of publication, distribution, etc. | ℗♭2004. |
| 300 ## - PHYSICAL DESCRIPTION | |
| Extent | 320 pages ; |
| Dimensions | 23 cm |
| 336 ## - CONTENT TYPE | |
| Content type term | text |
| Content type code | txt |
| Source | rdacontent |
| 337 ## - MEDIA TYPE | |
| Media type term | unmediated |
| Media type code | n |
| Source | rdamedia |
| 338 ## - CARRIER TYPE | |
| Carrier type term | volume |
| Carrier type code | nc |
| Source | rdacarrier |
| 504 ## - BIBLIOGRAPHY, ETC. NOTE | |
| Bibliography, etc. note | Includes bibliographical references (pages 283-295) and indexes. |
| 505 0# - FORMATTED CONTENTS NOTE | |
| Formatted contents note | Introduction : The story of Israel and biblical theology -- The Pentateuch : Divine will and human responsibility -- The historical books : sin and exile -- The Psalms and the wisdom literature : contested story -- The prophets : sin, exile and restoration -- Second Temple Judaism : unity and diversity in the Deuteronomistic tradition -- The Synoptics : the Gospel story and the story of Israel -- John : signs of the restoration -- Acts : the nations will listen -- Paul : the reverse of the curse -- The General Epistles and Hebrews : in exile but on the brink of restoration -- Revelation : the transforming vision -- Conclusion. |
| 520 ## - SUMMARY, ETC. | |
| Summary, etc. | 'This book explores the unitive theme of this story of Israel from Genesis to Revelation. Probing each section of Scripture - from Pentateuch, History, Psalms and Prophets to Gospels, Epistles and Apocalypse - the authors bring the contours of this story to light. From close-up examinations of key texts to panoramic shots of the biblical terrain, The Story of Israel unfolds an intriguing and compelling perspective on biblical theology. And with its features of recommended readings and study questions, it is a textbook suitable for classroom and individual study.'--Jacket. |
| 630 00 - SUBJECT ADDED ENTRY--UNIFORM TITLE | |
| Uniform title | Bible |
| General subdivision | Theology. |
| 9 (RLIN) | 357 |
| 700 1# - ADDED ENTRY--PERSONAL NAME | |
| Personal name | Pate, C. Marvin, |
| Dates associated with a name | 1952- |
| 9 (RLIN) | 1524 |
| 942 ## - ADDED ENTRY ELEMENTS (KOHA) | |
| Source of classification or shelving scheme | Dewey Decimal Classification |
| Koha item type | Books |
| Withdrawn status | Lost status | Source of classification or shelving scheme | Damaged status | Not for loan | Home library | Current Library | Shelving location | Date acquired | Total checkouts | Full call number | Barcode | Date last seen | Date last checked out | Copy number | Price effective from | Koha item type |
|---|---|---|---|---|---|---|---|---|---|---|---|---|---|---|---|---|
| Dewey Decimal Classification | GRACE BIBLE COLLEGE | GRACE BIBLE COLLEGE | Theology | 2024-07-16 | 1 | 230.041 STO | 016928 | 2025-05-01 | 2025-02-28 | c.1 | 2024-07-16 | Books |